How to master skills for the TOEFL iBT : Speaking : Intermediate /
Đã lưu trong:
| Príomhúdar: | |
|---|---|
| Údair Eile: | , |
| Formáid: | Sách giấy |
| Teanga: | English |
| Foilsithe: |
Tp.HCM :
Tổng hợp,
2008.
|
| Ábhair: | |
| Clibeanna: |
Cuir Clib Leis
Gan Chlibeanna, Bí ar an gcéad duine leis an taifead seo a chlibeáil!
|
| Thư viện lưu trữ: | Thư viện Trường Đại học Đà Lạt |
|---|
| LEADER | 00848nam a2200313 4500 | ||
|---|---|---|---|
| 001 | DLU120131371 | ||
| 005 | ##20120217 | ||
| 040 | # | # | |a DLU |b vie |
| 041 | # | # | |a eng |
| 044 | # | # | |a vn |
| 082 | # | # | |a 428.3 |b PU-M |
| 100 | # | # | |a Putlack, Micheal A. |
| 245 | # | # | |a How to master skills for the TOEFL iBT : |b Speaking : Intermediate / |c Micheal A. Putlack, Will Link, Stephen Poirier. |
| 260 | # | # | |a Tp.HCM : |b Tổng hợp, |c 2008. |
| 300 | # | # | |a 223 tr. ; |c 20x28 cm. |
| 650 | # | # | |a Tiếng Anh |x Sách giáo khoa cho người nói tiếng nước ngoài. |
| 700 | # | # | |a Link, Will. |
| 700 | # | # | |a Poirier, Stephen. |
| 923 | # | # | |a 01/2012DL |
| 991 | # | # | |a GT |
| 992 | # | # | |a 82000 |
| 994 | # | # | |a KDL |
| 900 | # | # | |a True |
| 911 | # | # | |a Nguyễn Thanh Hương |
| 925 | # | # | |a G |
| 926 | # | # | |a A |
| 927 | # | # | |a SH |
| 980 | # | # | |a Thư viện Trường Đại học Đà Lạt |